Red Minecraft blocks - Statistics

General Stats
  • This quiz has been taken 116 times
  • The average score is 8 of 39
Answer Stats
Block % Correct
Redstone
91%
Red wool
72%
Red concrete
61%
Netherrack
55%
Red terracotta
52%
Red concrete powder
51%
Red carpet
40%
Red bed
39%
Nether wart
36%
Red glazed terracotta
30%
Mushroom
26%
Red glass
26%
Red dye
20%
Block of redstone
19%
Redstone repeater
19%
Nether wart block
18%
Rose bush
18%
Redstone comparator
16%
TNT
15%
Red stained glass pane
13%
Apple
12%
Fire coral
10%
Brick slab
6%
Brick stairs
6%
Black glazed terracotta
3%
Melon
3%
Mooshroom spawn
3%
Red nether brick slab
3%
Red nether brick stairs
3%
Brick wall
2%
Raw beef
2%
Raw mutton
2%
Red nether brick wall
2%
Salmon spawn
2%
Sweet berries
2%
Beetroot soup
1%
Firework rocket
1%
Betroot
0%
Fire fan coral
0%
No matching quizzes found
Score Distribution
Percent of People with Each Score
Percentile by Number Answered
Your Score History
You have not taken this quiz